000 00561nai a2200169Ia 4500
003 IN-BaIIA
008 211028c9999 xx s 000 0 eng d
022 _a0045-8732 (Online)
040 _cIIA Library
245 0 _aCOSPAR Information Bulletin
_h[eJournal]
260 _aOxford, U.K
_bPergamon
310 _a3/year
362 _a1995(132); 1995 - 2004(161); 2004
521 _bSubscribed through National Knowledge Resource Consortium (NKRC)
856 _uhttps://www.sciencedirect.com/science/journal/00458732
_yClick Here to Access eJournal
942 _cEJ
999 _c34246
_d34246